000 00425nam a22001697a 4500
003 koha_MIRAKIL
005 20231213095532.0
008 231213b |||||||| |||| 00| 0 ||| d
040 _aTR-IsEVY
_btur
_cTR-IsEVY
082 _a810 YEN/D
100 _aYENER, MAVİSEL.
245 0 _aDOLUNAY DEDEKTİFLERİ DEHŞET MEKTUPLAR.
260 _bBilgi,
_c2012
300 _a164.
650 _aTürk Edebiyatı.
942 _2ddc
_cBK
999 _c5265
_d5265